| 000 | 01120nam a22003257a 4500 | ||
|---|---|---|---|
| 003 | CHAP | ||
| 005 | 20220329140815.0 | ||
| 008 | 971013s1952 r 00010 d | ||
| 010 | _a57930 | ||
| 011 | _a58902 | ||
| 035 | _a63058 | ||
| 040 | _cCHAP | ||
| 082 |
_a632 _bS84 |
||
| 100 | 0 | 0 |
_aStevens, Neil Everett. _9109728 |
| 245 |
_aDisease in plants _b: an introduction to agricultural phytopathology |
||
| 260 |
_aWaltham : _bChronica Botánica, _c1952 |
||
| 300 |
_a219 p. _b: ilus. |
||
| 590 |
_aBATCH-UPD _b10 _c20130110 _lUCH01 _h0418 |
||
| 590 |
_aBATCH-UPD _b10 _c20130410 _lUCH01 _h0052 |
||
| 590 |
_aBATCH-UPD _b10 _c20130914 _lUCH01 _h1414 |
||
| 590 |
_aCONVERSION _b10 _c20130109 _lUCH01 _h1331 |
||
| 650 | 1 | 4 |
_aFitopatologĂa. _941161 |
| 700 | 0 |
_aStevens, Russell B. _9109732 |
|
| 901 | _aBK | ||
| 942 | _cLIBRO | ||
| 949 |
_a632 S84 _bBC _cLIBRO _d-135296 _eLIBRO _fc.3 _h22452 _i63058 _si |
||
| 949 |
_a632 S84 _bBC _cLIBRO _d-135298 _eLIBRO _fc.4 _h22453 _i63058 _si |
||
| 949 |
_a632 S84 _bBC _cLIBRO _d33724000175451 _eLIBRO _h22450 _i63058 _si |
||
| 949 |
_a632 S84 _bBC _cLIBRO _d33724000175469 _eLIBRO _fc.2 _h22451 _i63058 _si |
||
| 999 |
_c57930 _d57930 |
||